00921nam a22002057a 4500003000400000008004100004020001800045082001900063245009300082260005300175300001600228650001600244650004900260650004200309700001700351942001200368999001700380952015900397952015900556OSt260606b |||||||| |||| 00| 0 eng d a9789395700092 a630.2511bA88G aGoogle Earth Engine With Python For Climate Smart Agriculture/bby A. A. Atre...[et al.] aDelhi: bSatish Serial Publishing House, c2024. axvi, 308 p. aAgriculture aScientific principles applied to agriculture aEarth sciences applied to agriculture aAtre, A. A.  2ddccBK c51661d51661 00102ddc4070aRAUbRAUcGENd2026-06-06eDelight Book Agency g4450.00l0o630.2511 A88Gp87407r2026-06-06w2026-01-29yBKkBill No. DBS/0262025-2026  00102ddc4070aRAUbRAUcGENd2026-06-06eDelight Book Agency g4450.00l0o630.2511 A88Gp87408r2026-06-06w2026-01-29yBKkBill No. DBS/0262025-2026